Statistics for People Name Word Answers Ending with "-es"

Click here to take the quiz!

General Stats

  • This quiz has been taken 192 times
  • The average score is 10 of 21

Answer Stats

HintAnswer% Correct
The father of Western philosophical traditionSocrates
81%
The greatest of the Greek heroes, a paragon of masculinityHeracles
73%
The Roman equivalent of the aboveHercules
73%
Greek god of warAres
68%
Greek god of the deadHades
68%
In astronomy or astrology...fishPisces
67%
Greek messenger of the godsHermes
62%
River bordering MesopotamiaEuphrates
61%
Greek "Father of Medicine"Hippocrates
57%
Egyptian pharaoh who was called "the Great"Ramesses
57%
Greek mathematician, physicist, engineer, inventor, and astronomerArchimedes
56%
Greek hero of the Trojan WarAchilles
55%
Female name meaning "mercies", or a make of carMercedes
55%
Fifth king of the Achaemenid dynasty of PersiaXerxes
39%
Roman goddess of agriculture, or dwarf planetCeres
37%
Latin name for the Greek hero of The OdysseyUlysses
33%
One of the three great Greek tragediansSophocles or Euripedes
25%
Greek general who also led AthensPericles
24%
Greek "Father of Comedy"Aristofanes
20%
Character in Cats, sometimes named QuaxoMr. {Mistoffelees}
14%
Greek mathematician who first calculated the Earth's circumferenceEratosthenes
7%

Score Distribution

Percentile by Number Answered

Percent of People with Each Score

Your Score History

You have not taken this quiz